Poesía, papel de oficio, número 3 /
Gespeichert in:
| Hauptverfasser: | , |
|---|---|
| Format: | Unbekannt |
| Sprache: | Spanish |
| Veröffentlicht: |
Tegucigalpa, Honduras :
Edicul,
2005.
|
| Ausgabe: | 1. edición |
| Schlagworte: | |
| Tags: |
Tag hinzufügen
Keine Tags, Fügen Sie den ersten Tag hinzu!
|
MARC
| LEADER | 000000000a22000000004500 | ||
|---|---|---|---|
| 001 | 001942 | ||
| 041 | 0 | |a spa | |
| 082 | 0 | 4 | |a Ho861.08 |b S714p |
| 100 | 1 | |a Sorto, Herbert | |
| 100 | 1 | |a Martínez Mejía, Jorge | |
| 245 | 1 | 0 | |a Poesía, papel de oficio, número 3 / |c Herbert Sorto, Jorge Martínez Mejía. |
| 250 | |a 1. edición | ||
| 260 | 1 | |a Tegucigalpa, Honduras : |b Edicul, |c 2005. | |
| 300 | |a 37 páginas | ||
| 500 | |a Título tomado de la cubierta -- Edición conmemorativa del año iberoamericano de la lectura 2005 | ||
| 650 | 4 | |a LITERATURA HONDUREÑA | |
| 650 | 4 | |a POESIA | |
| 999 | |c 8575 |d 8575 | ||
| 942 | |c BK |h Ho861.08 S714p |2 z | ||
